Clinical guide to sports injuries

Gespeichert in:
Bibliographische Detailangaben
Hauptverfasser: Bahr, Roald (VerfasserIn), Maehlum, Sverre (VerfasserIn)
Format: Buch
Sprache:Englisch
Veröffentlicht: Champaign Human Kinetics 2004
Schlagworte:
Tags: Tag hinzufügen
Keine Tags, Fügen Sie den ersten Tag hinzu!

MARC

LEADER 00000nam a2200000 a 4500
001 UCK6877
003 CL-VaPUC
008 051021e20040000US |||||||||||||||||eng|d
020 |a 0736041176 
082 0 4 |a 617.1027  |b BAH  |2 21 
100 0 |a Bahr, Roald  |e author  |9 496366 
700 0 |a Maehlum, Sverre  |e author  |9 496367 
245 1 0 |a Clinical guide to sports injuries 
300 |a 451 p 
942 |c BK 
945 |d 20051021 00:00:00  |a cmena 
260 |a Champaign  |b Human Kinetics  |c 2004 
500 |a Incluye Cd-Rom 
650 7 |a LESIONES DEPORTIVAS  |2 CL-VaPUC  |9 334240 
650 0 |a Medicina deportiva  |9 307562 
650 7 |a HERIDAS Y LESIONES  |2 CL-VaPUC  |9 342027 
583 |a last modification  |c 20051021 00:00:00  |k Rodrigo Vera 
999 |c 315016  |d 315014 
952 |0 0  |1 0  |4 0  |6 617_102700000000000_BAH_2004  |7 0  |8 A  |9 387909  |a BIBCUR  |b BIBCUR  |d 2019-11-22  |i 4143493  |o 617.1027 BAH 2004  |p 4143493  |r 2025-04-22  |w 2019-11-22  |y BK  |k KIN